000 00461nam a2200169 a 4500
001 8157
005 20180713192055.0
008 140415s1986 000 0 spa d
041 _aspa
082 _a574.52
_bOLI
100 1 _aOLIVER, SANTIAGO RAUL
245 1 0 _aECOLOGIA Y SUBDESARROLLO EN AMERICA LATINA
250 _a3a ed.
260 _a[s.l.] :
_bSIGLO VEINTIUNO EDITORES,
_c1986
300 _a225
650 1 4 _aECOLOGIA
_xAMERICA LATINA
999 _c8157
_d8157